Fields and galois theory (Record no. 344)
[ view plain ]
| 000 -LEADER | |
|---|---|
| fixed length control field | 00455 a2200169 4500 |
| 001 - CONTROL NUMBER | |
| control field | 066162 |
| 003 - CONTROL NUMBER IDENTIFIER | |
| control field | OSt |
| 005 - DATE AND TIME OF LATEST TRANSACTION | |
| control field | 20210915143826.0 |
| 008 - FIXED-LENGTH DATA ELEMENTS--GENERAL INFORMATION | |
| fixed length control field | |
| 082 ## - DEWEY DECIMAL CLASSIFICATION NUMBER | |
| Classification number | 512.74 |
| Item number | H84F |
| 100 1# - MAIN ENTRY--PERSONAL NAME | |
| Personal name | Howie, John M. |
| 245 1# - TITLE STATEMENT | |
| Title | Fields and galois theory |
| Statement of responsibility, etc | by John M. Howie |
| 260 ## - PUBLICATION, DISTRIBUTION, ETC. (IMPRINT) | |
| Place of publication, distribution, etc | New York |
| Name of publisher, distributor, etc | Springer |
| Date of publication, distribution, etc | 2008 |
| 300 ## - PHYSICAL DESCRIPTION | |
| Extent | 227p. |
| 690 ## - LOCAL SUBJECT ADDED ENTRY--TOPICAL TERM (OCLC, RLIN) | |
| Topical term or geographic name as entry element | Galois theory; Algebraic fields; Algebra; Field theory (Physics) |
| 942 ## - ADDED ENTRY ELEMENTS (KOHA) | |
| Source of classification or shelving scheme | Dewey Decimal Classification |
| Koha item type | Books |
| Withdrawn status | Lost status | Source of classification or shelving scheme | Damaged status | Not for loan | Collection code | Home library | Current library | Date acquired | Source of acquisition | Cost, normal purchase price | Total Checkouts | Full call number | Barcode | Date last seen | Date checked out | Price effective from | Koha item type |
|---|---|---|---|---|---|---|---|---|---|---|---|---|---|---|---|---|---|
| Dewey Decimal Classification | General Text Book | Central University Of Rajasthan | Central University Of Rajasthan | 07/03/2012 | MTH | 595.00 | 1 | 512.74 H84F | 448 | 21/11/2024 | 18/09/2023 | 02/09/2020 | Books |
